000 00749nam a2200241Ia 4500
003 OSt
005 20221005122948.0
006 a|||||r|||| 00| 0
007 ta
008 221004b |||||||| |||| 00| 0 san d
024 _a43061
037 _cTextual
040 _aCRL
_cCRL
_bsan
041 _2san
_asan
082 _aO15x, E6.2-.3
100 _aDurgaprasada Ed.
_9589536
245 0 _aKavyamala
_b Collection of old and rare Sanskrit kavyas, natakas, champus, bhanas, prahasanas, chandas, alamkaras etc
260 _c1916
650 _aSANSKRIT LITERATURE
700 _a Parab Kasinath-Pandurang Ed.
942 _hO15x, E6.2-.3
_cTEXL
_2cc
999 _c1045922
_d1045922